| 000 | 00748nam a2200217 a 4500 | ||
|---|---|---|---|
| 005 | 20210223133307.0 | ||
| 008 | 170525s2011 mx r 000 0 spa d | ||
| 020 | _a9786074171358 | ||
| 035 | _aUPN01000218185 | ||
| 049 | _aCG | ||
| 050 | 4 |
_aBT304.2 _bA2.3 |
|
| 245 | 0 | 0 |
_aAcercamientos diversos a Jesús de Nazaret : _bperspectivas histórico-teológicas de una experiencia / _ccomp. Humberto José Sánchez Zariñana. |
| 260 |
_aMéxico : _bUniversidad Iberoamericana, _c2011. |
||
| 300 | _a140 p. | ||
| 600 | 0 | 4 |
_aJESUCRISTO - _xEJEMPLO _925915 |
| 600 | 0 | 4 |
_aJESUCRISTO - _xENSEÑANZAS _925916 |
| 600 | 0 | 4 |
_aJESUCRISTO - _xPERSONA Y OBRAS _98055 |
| 700 | 1 |
_aSánchez Zariñana, Humberto José, _ecomp. |
|
| 905 | _aLibro | ||
| 999 |
_c190285 _d190285 |
||